[Event "RM-2023-0-00278"]
[Site "LSS email"]
[Date "2023.01.30"]
[Round "?"]
[White "Pupo Perez, Hector"]
[Black "Sorcinelli, Andrea"]
[Result "1/2-1/2"]
[WhiteElo "2288"]
[BlackElo "2283"]
[PlyCount "62"]
[EventDate "2022.12.19"]
[EventType "tourn (corr)"]
[EventRounds "6"]
[EventCountry "GER"]
[SourceTitle "Corr 2024"]
[Source "ChessBase"]
[SourceDate "2023.10.19"]
[SourceVersion "1"]
[SourceVersionDate "2023.10.19"]
[SourceQuality "1"]

1. e4 e5 2. Nf3 Nf6 3. Nxe5 d6 4. Nf3 Nxe4 5. Nc3 Nxc3 6. dxc3 Be7 7. Be3 Nc6 8. Qd2 Be6 9. 0-0-0 Qd7 10. h4 h6 11. Kb1 0-0-0 12. Nd4 Nxd4 13. Bxd4 Rhg8 14. Qe3 a6 15. c4 Rde8 16. Qc3 g6 17. a3 h5 18. g3 Bd8 19. Bg2 Bf5 20. c5 d5 21. Bf1 c6 22. b4 Bc7 23. a4 Bg4 24. f3 Bf5 25. b5 axb5 26. axb5 Bxg3 27. Kb2 Qc7 28. Ra1 Qf4 29. Ra4 Re7 30. Bd3 Rge8 31. Ra8+ Kd7 1/2-1/2

[Event "RM-2023-0-00278"]
[Site "LSS email"]
[Date "2023.01.30"]
[Round "?"]
[White "Pupo Perez, Hector"]
[Black "Susla, Vitaliy"]
[Result "1/2-1/2"]
[WhiteElo "2288"]
[BlackElo "2290"]
[PlyCount "89"]
[EventDate "2022.12.19"]
[EventType "tourn (corr)"]
[EventRounds "6"]
[EventCountry "GER"]
[SourceTitle "Corr 2024"]
[Source "ChessBase"]
[SourceDate "2023.10.19"]
[SourceVersion "1"]
[SourceVersionDate "2023.10.19"]
[SourceQuality "1"]

1. e4 c5 2. Nf3 d6 3. d4 cxd4 4. Nxd4 Nf6 5. Nc3 a6 6. Nb3 g6 7. Be3 Bg7 8. f3 Nbd7 9. Qd2 h5 10. Be2 b6 11. 0-0 0-0 12. Rad1 Bb7 13. a4 Qc7 14. Rfe1 Rfd8 15. Bf1 Nc5 16. Qf2 Bc6 17. Nxc5 dxc5 18. Rxd8+ Qxd8 19. Rd1 Qb8 20. Qd2 Ne8 21. b3 Ra7 22. Qe1 Be5 23. g3 Nf6 24. Ne2 h4 25. Nf4 Kg7 26. Kg2 Nxe4 27. fxe4 Bxe4+ 28. Kg1 Bxc2 29. Rd5 Be4 30. Rd1 Bc2 31. Rc1 Bxb3 32. Nd3 Bf6 33. a5 bxa5 34. Nxc5 a4 35. gxh4 Bd5 36. Qd2 e6 37. Nxa6 Rxa6 38. Bxa6 a3 39. Bd4 e5 40. Qa5 Bb3 41. Ba1 Qa7+ 42. Rc5 Be7 43. Bxe5+ f6 44. Bd4 Qd7 45. Bxf6+ 1/2-1/2

[Event "RM-2023-0-00277"]
[Site "LSS email"]
[Date "2023.01.22"]
[Round "?"]
[White "Baltar, Antoni"]
[Black "Pupo Perez, Hector"]
[Result "1/2-1/2"]
[WhiteElo "2245"]
[BlackElo "2292"]
[PlyCount "110"]
[EventDate "2022.11.23"]
[EventType "tourn (corr)"]
[EventRounds "6"]
[EventCountry "GER"]
[SourceTitle "Corr 2024"]
[Source "ChessBase"]
[SourceDate "2023.10.19"]
[SourceVersion "1"]
[SourceVersionDate "2023.10.19"]
[SourceQuality "1"]

1. e4 e5 2. Nf3 Nc6 3. Bc4 Nf6 4. Ng5 d5 5. exd5 Na5 6. Bb5+ c6 7. dxc6 bxc6 8. Qf3 Be7 9. Bd3 0-0 10. Nc3 Rb8 11. Bf5 Bxf5 12. Qxf5 g6 13. Qf3 Nd5 14. Nh3 Nc4 15. b3 Nb4 16. Qd1 Nd6 17. 0-0 e4 18. a3 Nd5 19. Nxd5 cxd5 20. Nf4 Bf6 21. Rb1 d4 22. d3 Re8 23. Bb2 Be5 24. Ne2 Qb6 25. dxe4 Nxe4 26. Ng3 Nc3 27. Bxc3 dxc3 28. Qf3 Rbd8 29. Rbe1 Rd2 30. Ne4 Rxc2 31. Nf6+ Qxf6 32. Qxf6 Bxf6 33. Rxe8+ Kg7 34. g3 Rd2 35. Rc8 c2 36. b4 Bb2 37. a4 Kf6 38. b5 Kf5 39. a5 Bd4 40. Rc4 Ke5 41. Kg2 Kd5 42. Rc8 Ke4 43. b6 axb6 44. a6 b5 45. Rd8 Rxf2+ 46. Rxf2 c1Q 47. Rf4+ Ke3 48. Rf3+ Ke4 49. Rf4+ Ke3 50. Rfxd4 Qc2+ 51. Rd2 Qe4+ 52. Kg1 Qb1+ 53. Rd1 Qa2 54. R8d3+ Ke4 55. Rd4+ Kf5 1/2-1/2

[Event "RM-2023-0-00277"]
[Site "LSS email"]
[Date "2023.01.22"]
[Round "?"]
[White "Pupo Perez, Hector"]
[Black "Canizares Cuadra, Pedro"]
[Result "1/2-1/2"]
[WhiteElo "2292"]
[BlackElo "2361"]
[PlyCount "63"]
[EventDate "2022.11.23"]
[EventType "tourn (corr)"]
[EventRounds "6"]
[EventCountry "GER"]
[SourceTitle "Corr 2024"]
[Source "ChessBase"]
[SourceDate "2023.10.19"]
[SourceVersion "1"]
[SourceVersionDate "2023.10.19"]
[SourceQuality "1"]

1. e4 c5 2. Nf3 d6 3. d4 cxd4 4. Nxd4 Nf6 5. Nc3 a6 6. Bg5 e6 7. f4 Qb6 8. Qd2 Qxb2 9. Rb1 Qa3 10. f5 Nc6 11. fxe6 fxe6 12. Nxc6 bxc6 13. Be2 Be7 14. 0-0 0-0 15. Rb3 Qc5+ 16. Be3 Qe5 17. Bf4 Qc5+ 18. Kh1 Ng4 19. h3 e5 20. Na4 Qa7 21. Bc4+ Kh8 22. hxg4 exf4 23. Nb6 d5 24. exd5 cxd5 25. Bxd5 Rb8 26. Nxc8 Rbxc8 27. Be4 g6 28. Rxf4 Rxf4 29. Qxf4 Rf8 30. Qe5+ Bf6 31. Qf4 Qc5 32. Rb8 1/2-1/2

[Event "RM-2023-0-00277"]
[Site "LSS email"]
[Date "2023.01.22"]
[Round "?"]
[White "Usmanoff, Rustam"]
[Black "Pupo Perez, Hector"]
[Result "1/2-1/2"]
[WhiteElo "2221"]
[BlackElo "2292"]
[PlyCount "68"]
[EventDate "2022.11.23"]
[EventType "tourn (corr)"]
[EventRounds "6"]
[EventCountry "GER"]
[SourceTitle "Corr 2024"]
[Source "ChessBase"]
[SourceDate "2023.10.19"]
[SourceVersion "1"]
[SourceVersionDate "2023.10.19"]
[SourceQuality "1"]

1. e4 e5 2. Nf3 Nc6 3. Bb5 a6 4. Ba4 Nf6 5. 0-0 Be7 6. Re1 b5 7. Bb3 0-0 8. c3 d5 9. exd5 Nxd5 10. Nxe5 Nxe5 11. Rxe5 c6 12. d4 Bd6 13. Re1 Qh4 14. g3 Qh3 15. Be3 Bg4 16. Qd3 Rae8 17. Nd2 Qh5 18. a4 Re6 19. axb5 axb5 20. Nf1 Bf5 21. Qd2 Rfe8 22. Ra6 Bh3 23. Bd1 Qg6 24. Bf3 Qf5 25. Qd1 Bf8 26. Bh1 h6 27. Qb1 Qh5 28. Qc2 Bxf1 29. Rxf1 Nxe3 30. fxe3 Rxe3 31. Qf2 Re2 32. Bf3 Rxf2 33. Bxh5 Rxf1+ 34. Kxf1 c5 1/2-1/2

[Event "RM-2022-0-00272"]
[Site "LSS email"]
[Date "2022.11.01"]
[Round "?"]
[White "Susla, Vitaliy"]
[Black "Pupo Perez, Hector"]
[Result "1/2-1/2"]
[WhiteElo "2299"]
[BlackElo "2293"]
[PlyCount "49"]
[EventDate "2022.07.25"]
[EventType "tourn (corr)"]
[EventRounds "6"]
[EventCountry "GER"]
[SourceTitle "Corr 2024"]
[Source "ChessBase"]
[SourceDate "2023.10.19"]
[SourceVersion "1"]
[SourceVersionDate "2023.10.19"]
[SourceQuality "1"]

1. e4 c5 2. Nf3 e6 3. d4 cxd4 4. Nxd4 Nc6 5. Nc3 Qc7 6. Be3 a6 7. Qd2 Nf6 8. 0-0-0 Be7 9. f3 b5 10. Kb1 Bb7 11. g4 Nxd4 12. Bxd4 0-0 13. h4 d5 14. g5 Nh5 15. exd5 Ng3 16. Rg1 Nf5 17. Bf2 Rfd8 18. Bd3 Bxd5 19. Ne4 Rac8 20. h5 Kf8 21. g6 fxg6 22. hxg6 h6 23. Rge1 Bc4 24. Qe2 Qc6 25. a3 1/2-1/2

[Event "SM-2022-0-00488"]
[Site "LSS email"]
[Date "2022.10.31"]
[Round "?"]
[White "Kazimierski, Tomasz"]
[Black "Pupo Perez, Hector"]
[Result "1/2-1/2"]
[WhiteElo "2225"]
[BlackElo "2293"]
[PlyCount "44"]
[EventDate "2022.10.01"]
[EventType "tourn (corr)"]
[EventRounds "6"]
[EventCountry "GER"]
[SourceTitle "Corr 2024"]
[Source "ChessBase"]
[SourceDate "2023.10.19"]
[SourceVersion "1"]
[SourceVersionDate "2023.10.19"]
[SourceQuality "1"]

1. d4 e6 2. Bf4 c5 3. e3 Nf6 4. Nf3 Nc6 5. Nc3 cxd4 6. exd4 a6 7. a3 Be7 8. Qd2 d6 9. d5 exd5 10. Nxd5 Nxd5 11. Qxd5 Be6 12. Qd2 Bf6 13. Bg5 Bg4 14. Bxf6 Qxf6 15. 0-0-0 Bxf3 16. gxf3 0-0-0 17. Rg1 Rhe8 18. f4 d5 19. f5 Kb8 20. Qg5 Rd6 21. Qxf6 Rxf6 22. Rxd5 Re1+ 1/2-1/2

[Event "RM-2022-0-00272"]
[Site "LSS email"]
[Date "2022.10.31"]
[Round "?"]
[White "Martin, Simone"]
[Black "Pupo Perez, Hector"]
[Result "1/2-1/2"]
[WhiteElo "2210"]
[BlackElo "2293"]
[PlyCount "69"]
[EventDate "2022.07.25"]
[EventType "tourn (corr)"]
[EventRounds "6"]
[EventCountry "GER"]
[SourceTitle "Corr 2024"]
[Source "ChessBase"]
[SourceDate "2023.10.19"]
[SourceVersion "1"]
[SourceVersionDate "2023.10.19"]
[SourceQuality "1"]

1. e4 c5 2. d3 Nc6 3. f4 g6 4. Nf3 Bg7 5. Be2 Nf6 6. c3 0-0 7. 0-0 d6 8. Kh1 b6 9. a4 Bb7 10. Na3 Qd7 11. Qe1 Na5 12. Bd1 Rac8 13. Qh4 Qg4 14. Qxg4 Nxg4 15. h3 Nf6 16. Kg1 Rfd8 17. Re1 Ne8 18. Kf2 e5 19. Kg1 Rd7 20. Nb5 Ra8 21. Be3 Nc7 22. Nxc7 Rxc7 23. Bc2 Rd8 24. Rac1 Rcd7 25. Rcd1 h6 26. h4 Re7 27. Kf2 Bc8 28. g3 h5 29. b4 cxb4 30. cxb4 Nc6 31. b5 Na5 32. Rc1 Bg4 33. Bb1 Nb3 34. Rc6 Na5 35. Rcc1 1/2-1/2

[Event "RM-2022-0-00272"]
[Site "LSS email"]
[Date "2022.10.31"]
[Round "?"]
[White "Pupo Perez, Hector"]
[Black "Canizares Cuadra, Pedro"]
[Result "1/2-1/2"]
[WhiteElo "2293"]
[BlackElo "2366"]
[PlyCount "57"]
[EventDate "2022.07.25"]
[EventType "tourn (corr)"]
[EventRounds "6"]
[EventCountry "GER"]
[SourceTitle "Corr 2024"]
[Source "ChessBase"]
[SourceDate "2023.10.19"]
[SourceVersion "1"]
[SourceVersionDate "2023.10.19"]
[SourceQuality "1"]

1. Nf3 Nf6 2. d4 e6 3. Bf4 d5 4. e3 c5 5. Nbd2 Nc6 6. c3 Bd6 7. Bg3 0-0 8. Bd3 a5 9. Qe2 Qe7 10. Ne5 Nd7 11. f4 cxd4 12. exd4 f6 13. Nef3 e5 14. fxe5 fxe5 15. Bh4 Nf6 16. dxe5 Nxe5 17. Nxe5 Qxe5 18. Qxe5 Bxe5 19. Nf3 Bf4 20. 0-0 Ne4 21. Rae1 Bd7 22. Bxe4 dxe4 23. Rxe4 Bc6 24. Re7 Rae8 25. Rfe1 Rxe7 26. Rxe7 Bd6 27. Re1 Bxf3 28. gxf3 Rxf3 29. Rd1 1/2-1/2

[Event "ST-2021-0-00209"]
[Site "LSS email"]
[Date "2021.11.30"]
[Round "?"]
[White "Bernal Varela, Nelson"]
[Black "Pupo Perez, Hector"]
[Result "1/2-1/2"]
[WhiteElo "2402"]
[BlackElo "2303"]
[PlyCount "103"]
[EventDate "2021.11.21"]
[EventType "tourn (corr)"]
[EventRounds "6"]
[EventCountry "GER"]
[SourceTitle "Corr 2024"]
[Source "ChessBase"]
[SourceDate "2023.10.19"]
[SourceVersion "1"]
[SourceVersionDate "2023.10.19"]
[SourceQuality "1"]

1. e4 e6 2. d4 d5 3. Nc3 dxe4 4. Nxe4 Nd7 5. Nf3 Ngf6 6. Nxf6+ Nxf6 7. Be3 Nd5 8. Bd2 c5 9. Bb5+ Bd7 10. Bxd7+ Qxd7 11. c4 Nb6 12. Rc1 f6 13. 0-0 cxd4 14. c5 Nc8 15. Re1 Ne7 16. b4 h5 17. b5 a6 18. Qa4 Qxb5 19. Qxd4 Qd7 20. Qe4 Qd5 21. Qb1 Kf7 22. Be3 Qd7 23. Rc3 Rc8 24. Nh4 Nd5 25. Rb3 Nxe3 26. Rxb7 Rc7 27. Qg6+ Kg8 28. Rxc7 Qxc7 29. Rxe3 Qxc5 30. Qe4 Qd5 31. Qxe6+ Qxe6 32. Rxe6 a5 33. Rb6 Bb4 34. Ng6 Rh6 35. Nf4 h4 36. Rb8+ Kf7 37. g3 hxg3 38. Rb7+ Kg8 39. hxg3 Bd2 40. Ne6 Rg6 41. Rc7 Bb4 42. Kh2 Rh6+ 43. Kg2 Rg6 44. Kf3 f5 45. Nd4 Rf6 46. Rc4 Kh7 47. Nc6 Rd6 48. Nxb4 axb4 49. Rxb4 Rd3+ 50. Kf4 Rd2 51. f3 Rxa2 52. Kxf5 1/2-1/2

[Event "ST-2021-0-00209"]
[Site "LSS email"]
[Date "2021.11.29"]
[Round "?"]
[White "Sorcinelli, Andrea"]
[Black "Pupo Perez, Hector"]
[Result "1/2-1/2"]
[WhiteElo "2356"]
[BlackElo "2303"]
[PlyCount "41"]
[EventDate "2021.11.21"]
[EventType "tourn (corr)"]
[EventRounds "6"]
[EventCountry "GER"]
[SourceTitle "Corr 2024"]
[Source "ChessBase"]
[SourceDate "2023.10.19"]
[SourceVersion "1"]
[SourceVersionDate "2023.10.19"]
[SourceQuality "1"]

1. e4 e6 2. d4 d5 3. Nc3 dxe4 4. Nxe4 Nd7 5. Nf3 Ngf6 6. Nxf6+ Nxf6 7. Bd3 c5 8. dxc5 Bxc5 9. Qe2 0-0 10. Bg5 h6 11. Bh4 Qa5+ 12. c3 Nd5 13. Qd2 f5 14. h3 b5 15. 0-0 b4 16. c4 Nf6 17. a3 Qb6 18. axb4 Bxb4 19. Qe2 Bb7 20. Ne5 Bc5 21. Bxf6 1/2-1/2

[Event "SM-2021-0-00443"]
[Site "LSS email"]
[Date "2021.04.24"]
[Round "?"]
[White "Goreczny, Grzegorz"]
[Black "Pupo Perez, Hector"]
[Result "1/2-1/2"]
[WhiteElo "2257"]
[BlackElo "2300"]
[PlyCount "52"]
[EventDate "2021.02.10"]
[EventType "tourn (corr)"]
[EventRounds "6"]
[EventCountry "GER"]
[SourceTitle "Corr 2024"]
[Source "ChessBase"]
[SourceDate "2023.10.19"]
[SourceVersion "1"]
[SourceVersionDate "2023.10.19"]
[SourceQuality "1"]

1. c4 e6 2. Nc3 d5 3. d4 Nf6 4. Nf3 Be7 5. Bf4 0-0 6. e3 Nbd7 7. a3 c5 8. cxd5 Nxd5 9. Nxd5 exd5 10. dxc5 Nxc5 11. Be5 Bf5 12. Be2 Bf6 13. Bxf6 Qxf6 14. Qd4 Qc6 15. Qd1 Be4 16. 0-0 Qg6 17. g3 Rac8 18. Nd4 Ne6 19. Qd2 h5 20. Rac1 a6 21. Rxc8 Rxc8 22. Rc1 Rxc1+ 23. Qxc1 Nxd4 24. exd4 Bd3 25. Bf3 Be4 26. Bd1 Qf5 1/2-1/2

[Event "SM-2021-0-00443"]
[Site "LSS email"]
[Date "2021.04.23"]
[Round "?"]
[White "Maur, Rainer"]
[Black "Pupo Perez, Hector"]
[Result "1/2-1/2"]
[WhiteElo "2303"]
[BlackElo "2300"]
[PlyCount "69"]
[EventDate "2021.02.10"]
[EventType "tourn (corr)"]
[EventRounds "6"]
[EventCountry "GER"]
[SourceTitle "Corr 2024"]
[Source "ChessBase"]
[SourceDate "2023.10.19"]
[SourceVersion "1"]
[SourceVersionDate "2023.10.19"]
[SourceQuality "1"]

1. d4 d5 2. c4 e6 3. Nf3 Nf6 4. g3 dxc4 5. Bg2 c5 6. 0-0 Nc6 7. Ne5 Bd7 8. Na3 cxd4 9. Naxc4 Be7 10. Qb3 Qc7 11. Bf4 Nh5 12. Nxc6 Nxf4 13. Nxe7 Nxg2 14. Rac1 Qc5 15. Qxb7 Kxe7 16. Qxg2 Bc6 17. Qh3 Qd5 18. f3 Bb5 19. b3 h5 20. Rfd1 f6 21. e4 Qc5 22. a4 Ba6 23. Qg2 Rab8 24. Nd2 Qb6 25. b4 Qxb4 26. Rc7+ Kf8 27. Rdc1 Rh6 28. Rxa7 Bd3 29. f4 Kg8 30. f5 Qb2 31. Rac7 e5 32. g4 g5 33. fxg6 Rxg6 34. h3 Rb7 35. Rc8+ 1/2-1/2

[Event "SM-2021-0-00443"]
[Site "LSS email"]
[Date "2021.04.23"]
[Round "?"]
[White "Pupo Perez, Hector"]
[Black "Neytush, Edo"]
[Result "1/2-1/2"]
[WhiteElo "2300"]
[BlackElo "2159"]
[PlyCount "80"]
[EventDate "2021.02.10"]
[EventType "tourn (corr)"]
[EventRounds "6"]
[EventCountry "GER"]
[SourceTitle "Corr 2024"]
[Source "ChessBase"]
[SourceDate "2023.10.19"]
[SourceVersion "1"]
[SourceVersionDate "2023.10.19"]
[SourceQuality "1"]

1. Nf3 Nf6 2. c4 g6 3. d4 Bg7 4. Nc3 d5 5. cxd5 Nxd5 6. e4 Nxc3 7. bxc3 c5 8. Rb1 0-0 9. Be2 cxd4 10. cxd4 Qa5+ 11. Bd2 Qxa2 12. 0-0 Bg4 13. Be3 Nc6 14. d5 Bxf3 15. Bxf3 Ne5 16. Be2 Nc4 17. Bg5 Rfe8 18. Rxb7 Bf6 19. Bf4 a5 20. g3 a4 21. Rc7 Ne5 22. Bb5 Red8 23. Bxe5 Bxe5 24. Rxe7 Bf6 25. Rc7 Qb3 26. Bc6 Be5 27. Re7 Qxd1 28. Rxd1 Bd6 29. Bxa8 Bxe7 30. Bc6 a3 31. e5 Bc5 32. d6 Kf8 33. Kf1 Rb8 34. Ke2 a2 35. Ra1 Rb2+ 36. Kd3 Rxf2 37. Bd5 f6 38. Rxa2 Rxa2 39. Bxa2 fxe5 40. d7 Bb6 1/2-1/2

[Event "OP-2021-0-05129"]
[Site "LSS email"]
[Date "2021.04.18"]
[Round "?"]
[White "Pupo Perez, Hector"]
[Black "Wiaderek, Piotr"]
[Result "1/2-1/2"]
[WhiteElo "2300"]
[BlackElo "1620"]
[PlyCount "60"]
[EventDate "2021.04.06"]
[EventType "tourn (corr)"]
[EventRounds "4"]
[EventCountry "GER"]
[SourceTitle "Corr 2024"]
[Source "ChessBase"]
[SourceDate "2023.10.19"]
[SourceVersion "1"]
[SourceVersionDate "2023.10.19"]
[SourceQuality "1"]

1. d4 Nf6 2. c4 e6 3. g3 Bb4+ 4. Bd2 Be7 5. Bg2 d5 6. Nf3 0-0 7. 0-0 c6 8. b3 b6 9. Qc2 c5 10. Rd1 Nc6 11. cxd5 exd5 12. Nc3 Nxd4 13. Nxd4 cxd4 14. Nb5 Bg4 15. Qd3 Qd7 16. Nxd4 Rfe8 17. Bf3 Bc5 18. Bc3 h5 19. b4 Bf8 20. Rac1 Rac8 21. a3 h4 22. Bxg4 Nxg4 23. Nf3 hxg3 24. hxg3 Qe6 25. Rd2 a5 26. Kg2 Rc4 27. Rdc2 axb4 28. axb4 b5 29. Ng5 Qh6 30. Nf3 Qc6 1/2-1/2

[Event "ZH-2021-0-01906"]
[Site "LSS email"]
[Date "2021.03.18"]
[Round "?"]
[White "Pupo Perez, Hector"]
[Black "Enev, Zlatko"]
[Result "1/2-1/2"]
[WhiteElo "2313"]
[BlackElo "2382"]
[PlyCount "77"]
[EventDate "2021.03.18"]
[EventType "match (corr)"]
[EventRounds "2"]
[EventCountry "GER"]
[SourceTitle "Corr 2022"]
[Source "ChessBase"]
[SourceDate "2021.10.24"]
[SourceVersion "1"]
[SourceVersionDate "2021.10.24"]
[SourceQuality "1"]

1. Nf3 c5 2. c4 Nc6 3. e3 Nf6 4. Nc3 e6 5. d4 d5 6. cxd5 exd5 7. Bb5 cxd4 8. Nxd4 Bd7 9. 0-0 Bd6 10. Nf3 a6 11. Be2 Be6 12. b3 0-0 13. Bb2 Qe7 14. h3 Rfe8 15. Rc1 Rad8 16. Bd3 Ne4 17. Ne2 Bf5 18. Bb1 Bb8 19. Nf4 Nxf2 20. Rxf2 Bxb1 21. Nxd5 Qe4 22. Rd2 Rxd5 23. Rxd5 Qxe3+ 24. Kh1 Be4 25. Rg5 g6 26. Rgc5 Bxf3 27. gxf3 Qf4 28. R5c2 Re3 29. Rf2 Qh4 30. Qf1 Be5 31. Bxe5 Nxe5 32. Rcc2 Qg3 33. Qg2 Re1+ 34. Rf1 Rxf1+ 35. Qxf1 Nxf3 36. Re2 Ng5 37. Qg2 Qf4 38. Qf2 Qd6 39. Qe3 1/2-1/2

[Event "RM-2020-0-00222"]
[Site "LSS email"]
[Date "2020.10.10"]
[Round "?"]
[White "Sorcinelli, Andrea"]
[Black "Pupo Perez, Hector"]
[Result "1/2-1/2"]
[WhiteElo "2303"]
[BlackElo "2311"]
[PlyCount "64"]
[EventDate "2020.09.17"]
[EventType "tourn (corr)"]
[EventRounds "6"]
[EventCountry "GER"]
[SourceTitle "Corr 2022"]
[Source "ChessBase"]
[SourceDate "2021.10.24"]
[SourceVersion "1"]
[SourceVersionDate "2021.10.24"]
[SourceQuality "1"]

1. e4 e6 2. d4 d5 3. Nc3 Bb4 4. e5 Ne7 5. a3 Bxc3+ 6. bxc3 c5 7. h4 Nbc6 8. h5 h6 9. Qg4 Nf5 10. Bd3 0-0 11. Qh3 cxd4 12. g4 Nfe7 13. Qg3 Qc7 14. Bf4 Nxe5 15. Bxe5 Qxc3+ 16. Kf1 f6 17. Ne2 Qxa1+ 18. Kg2 Qxh1+ 19. Kxh1 fxe5 20. Qxe5 Nc6 21. Qd6 Rd8 22. Qg3 e5 23. g5 Rd6 24. Nxd4 hxg5 25. Nxc6 Rxc6 26. Qxg5 Bh3 27. Kh2 Bd7 28. Bb5 Rf8 29. Bxc6 Bxc6 30. Kg2 e4 31. h6 Rf7 32. Qg6 Rd7 1/2-1/2

[Event "RM-2020-0-00221"]
[Site "LSS email"]
[Date "2020.10.09"]
[Round "?"]
[White "Susla, Vitaliy"]
[Black "Pupo Perez, Hector"]
[Result "1/2-1/2"]
[WhiteElo "2341"]
[BlackElo "2319"]
[PlyCount "36"]
[EventDate "2020.09.09"]
[EventType "tourn (corr)"]
[EventRounds "6"]
[EventCountry "GER"]
[SourceTitle "Corr 2022"]
[Source "ChessBase"]
[SourceDate "2021.10.24"]
[SourceVersion "1"]
[SourceVersionDate "2021.10.24"]
[SourceQuality "1"]

1. d4 e6 2. e4 d5 3. e5 c5 4. c3 Nc6 5. Nf3 Qb6 6. a3 c4 7. Nbd2 Na5 8. Be2 Bd7 9. Rb1 Ne7 10. 0-0 h6 11. g3 Nf5 12. Ne1 0-0-0 13. Ng2 Be7 14. f4 Kb8 15. Nf3 h5 16. Ne3 Nh6 17. Re1 Nb3 18. Bf1 Be8 1/2-1/2

[Event "ZH-2020-0-01856"]
[Site "LSS email"]
[Date "2020.09.23"]
[Round "?"]
[White "Susla, Vitaliy"]
[Black "Pupo Perez, Hector"]
[Result "1/2-1/2"]
[WhiteElo "2346"]
[BlackElo "2319"]
[PlyCount "58"]
[EventDate "2020.09.22"]
[EventType "match (corr)"]
[EventRounds "2"]
[EventCountry "GER"]
[SourceTitle "Corr 2022"]
[Source "ChessBase"]
[SourceDate "2021.10.24"]
[SourceVersion "1"]
[SourceVersionDate "2021.10.24"]
[SourceQuality "1"]

1. d4 d5 2. c4 e6 3. Nf3 Nf6 4. Nc3 c6 5. Bg5 Nbd7 6. e3 Qa5 7. Nd2 Bb4 8. Qc2 0-0 9. Be2 c5 10. Bf4 cxd4 11. exd4 Bxc3 12. bxc3 Re8 13. 0-0 e5 14. Be3 Qc7 15. Qb3 dxc4 16. Qxc4 Qxc4 17. Bxc4 exd4 18. Bxd4 Ne5 19. Bb3 Nc6 20. Bxf6 gxf6 21. Rfe1 Bf5 22. Nf1 Rxe1 23. Rxe1 Na5 24. Ng3 Bg6 25. Bd1 Rc8 26. f4 Bd3 27. Nh5 f5 28. Re5 b6 29. Re7 Kf8 1/2-1/2

[Event "RM-2020-0-00217"]
[Site "LSS email"]
[Date "2020.09.02"]
[Round "?"]
[White "Nichols, Scott"]
[Black "Pupo Perez, Hector"]
[Result "1/2-1/2"]
[WhiteElo "2387"]
[BlackElo "2309"]
[PlyCount "59"]
[EventDate "2020.08.05"]
[EventType "tourn (corr)"]
[EventRounds "6"]
[EventCountry "GER"]
[SourceTitle "Corr 2022"]
[Source "ChessBase"]
[SourceDate "2021.10.24"]
[SourceVersion "1"]
[SourceVersionDate "2021.10.24"]
[SourceQuality "1"]

1. e4 e6 2. d4 d5 3. Nc3 dxe4 4. Nxe4 Nd7 5. Nf3 Ngf6 6. Nxf6+ Nxf6 7. Bd3 c5 8. Be3 Qc7 9. Qe2 a6 10. 0-0 b6 11. c4 cxd4 12. Bxd4 Bb7 13. Rad1 Bc5 14. Be5 Qc6 15. a3 0-0 16. Rfe1 Be7 17. Bc3 h6 18. Qf1 Rfd8 19. Ne5 Qc7 20. Qe2 a5 21. h3 Bd6 22. Ng4 Ne8 23. Qc2 Rac8 24. Qb1 Qe7 25. b4 axb4 26. axb4 Bf4 27. Be5 Bxe5 28. Nxe5 Nf6 29. b5 Nd7 30. Nxd7 1/2-1/2

[Event "ST-2020-0-00157"]
[Site "LSS email"]
[Date "2020.08.12"]
[Round "?"]
[White "Nichols, Scott"]
[Black "Pupo Perez, Hector"]
[Result "1/2-1/2"]
[WhiteElo "2384"]
[BlackElo "2307"]
[PlyCount "39"]
[EventDate "2020.08.02"]
[EventType "tourn (corr)"]
[EventRounds "6"]
[EventCountry "GER"]
[SourceTitle "Corr 2022"]
[Source "ChessBase"]
[SourceDate "2021.10.24"]
[SourceVersion "1"]
[SourceVersionDate "2021.10.24"]
[SourceQuality "1"]

1. c4 e5 2. Nc3 Nf6 3. Nf3 Nc6 4. g3 d5 5. cxd5 Nxd5 6. Bg2 Nb6 7. 0-0 Be7 8. d3 0-0 9. Be3 Re8 10. Rc1 Bf8 11. Qd2 a6 12. Bxb6 cxb6 13. e3 b5 14. Rfd1 Qa5 15. Qe2 Bf5 16. a3 Rad8 17. Ne4 b4 18. Nfd2 Qa4 19. Nc4 Na5 20. Nxa5 1/2-1/2

[Event "RM-2020-0-00214"]
[Site "LSS email"]
[Date "2020.08.02"]
[Round "?"]
[White "Enev, Zlatko"]
[Black "Pupo Perez, Hector"]
[Result "1/2-1/2"]
[WhiteElo "2330"]
[BlackElo "2320"]
[PlyCount "34"]
[EventDate "2020.06.01"]
[EventType "tourn (corr)"]
[EventRounds "6"]
[EventCountry "GER"]
[SourceTitle "Corr 2022"]
[Source "ChessBase"]
[SourceDate "2021.10.24"]
[SourceVersion "1"]
[SourceVersionDate "2021.10.24"]
[SourceQuality "1"]

1. a3 c5 2. c3 d5 3. d4 e6 4. Bf4 Nf6 5. e3 Bd6 6. Bg3 0-0 7. Nd2 Qc7 8. dxc5 Qxc5 9. Ngf3 Bxg3 10. hxg3 Rd8 11. Bd3 h6 12. 0-0 Nbd7 13. e4 dxe4 14. Nxe4 Nxe4 15. Bxe4 Qc7 16. Qe2 Nf6 17. Rad1 Rxd1 1/2-1/2

[Event "RM-2020-0-00214"]
[Site "LSS email"]
[Date "2020.08.02"]
[Round "?"]
[White "Hughes, Stephen J"]
[Black "Pupo Perez, Hector"]
[Result "1/2-1/2"]
[WhiteElo "2262"]
[BlackElo "2320"]
[PlyCount "63"]
[EventDate "2020.06.01"]
[EventType "tourn (corr)"]
[EventRounds "6"]
[EventCountry "GER"]
[SourceTitle "Corr 2022"]
[Source "ChessBase"]
[SourceDate "2021.10.24"]
[SourceVersion "1"]
[SourceVersionDate "2021.10.24"]
[SourceQuality "1"]

1. e4 c5 2. Nf3 Nc6 3. d4 cxd4 4. Nxd4 Nf6 5. Nc3 e5 6. Ndb5 d6 7. Bg5 a6 8. Na3 b5 9. Nd5 Be7 10. Bxf6 Bxf6 11. c3 Ne7 12. Nxf6+ gxf6 13. Nc2 Bb7 14. Bd3 d5 15. exd5 Qxd5 16. Ne3 Qe6 17. a4 Rd8 18. Qe2 e4 19. Bc2 b4 20. Rd1 Rxd1+ 21. Qxd1 bxc3 22. bxc3 0-0 23. Bb3 Qe5 24. 0-0 Bc6 25. Bc4 a5 26. h3 f5 27. g3 Ng6 28. Qd4 Qxd4 29. cxd4 f4 30. gxf4 Nxf4 31. Kh2 Rb8 32. d5 1/2-1/2